The UK mortgage market (Record no. 103455)
[ view plain ]
| 000 -LEADER | |
|---|---|
| fixed length control field | 01543cam a2200253 4500 |
| 001 - CONTROL NUMBER | |
| control field | 1845320042 |
| 008 - FIXED-LENGTH DATA ELEMENTS--GENERAL INFORMATION | |
| fixed length control field | 040402n2004 000 0 eng u |
| 035 ## - SYSTEM CONTROL NUMBER | |
| System control number | (Sirsi) u125725 |
| 041 ## - LANGUAGE CODE | |
| Language code of text/sound track or separate title | eng |
| 050 ## - LIBRARY OF CONGRESS CALL NUMBER | |
| Classification number | 332.63244 |
| -- | 21 |
| 100 ## - MAIN ENTRY--PERSONAL NAME | |
| Personal name | Miles, David |
| 240 ## - UNIFORM TITLE | |
| Uniform title | The Miles review |
| 245 #4 - TITLE STATEMENT | |
| Title | The UK mortgage market |
| Remainder of title | taking a longer-term view |
| 260 ## - PUBLICATION, DISTRIBUTION, ETC. | |
| Place of publication, distribution, etc. | London |
| Name of publisher, distributor, etc. | TSO |
| Date of publication, distribution, etc. | 2004 |
| 520 ## - SUMMARY, ETC. | |
| Summary, etc. | The final report of the Miles review investigates ways to improve the UK mortgage market. Section one sets out the scope of the review; section two considers optimal mortgage choice; section three summarises the potential macroeconomic implications of more long term fixed lending; and sections four to seven outline recommendations. The recommendations fall into two groups: those aimed at improving advice and information that borrowers receive and at creating a fairer pricing structure; and those aimed at helping lenders fund mortgages and handle risk in the most cost effective way. Annexes include a guide to giving mortgage advice and a statistical analysis of base rate changes. References. View at www.hm-treasury.gov.uk. |
| 650 ## - SUBJECT ADDED ENTRY--TOPICAL TERM | |
| Topical term or geographic name entry element | FIXED-RATE MORTGAGES |
| 650 ## - SUBJECT ADDED ENTRY--TOPICAL TERM | |
| Topical term or geographic name entry element | MILES REVIEW |
| 650 ## - SUBJECT ADDED ENTRY--TOPICAL TERM | |
| Topical term or geographic name entry element | MORTGAGE MARKET |
| 650 ## - SUBJECT ADDED ENTRY--TOPICAL TERM | |
| Topical term or geographic name entry element | MORTGAGE LENDERS |
| 650 ## - SUBJECT ADDED ENTRY--TOPICAL TERM | |
| Topical term or geographic name entry element | PRICING STRUCTURE |
| 690 ## - LOCAL SUBJECT ADDED ENTRY--TOPICAL TERM (OCLC, RLIN) | |
| Topical term or geographic name as entry element | PROPERTY-RESIDENTIAL PROPERTY-RESIDENTIAL PROPERTY MARKET |
| 856 ## - ELECTRONIC LOCATION AND ACCESS | |
| Uniform Resource Identifier | <a href="https://www.hm-treasury.gov.uk/consultations_and_legislation/miles_review/consult_miles_index.cfm">https://www.hm-treasury.gov.uk/consultations_and_legislation/miles_review/consult_miles_index.cfm</a> |
| Public note | View the report on the HM Treasury website... |
| 942 ## - ADDED ENTRY ELEMENTS (KOHA) | |
| Suppress in OPAC | 0 |
| Withdrawn status | Lost status | Source of classification or shelving scheme | Damaged status | Not for loan | Home library | Current library | Shelving location | Date acquired | Total Checkouts | Full call number | Barcode | Date last seen | Copy number | Price effective from | Koha item type |
|---|---|---|---|---|---|---|---|---|---|---|---|---|---|---|---|
| Dewey Decimal Classification | Virtual | Virtual | Online | 02/04/2004 | ONLINE PUBLICATION | 125725-2001 | 06/08/2019 | 1 | 06/08/2019 | Book |